| 000 | 00735nam a22002297a 4500 | ||
|---|---|---|---|
| 005 | 20170124110206.0 | ||
| 010 | _aA-953380 | ||
| 020 |
_c00.00 _a81722468 |
||
| 035 | _aA-953380 | ||
| 037 | _bCen Lib/Ret | ||
| 040 |
_aDPL _bEN |
||
| 082 |
_a004 _bPHI |
||
| 100 |
_aPhillipson, Ian _919804 |
||
| 245 |
_aHow to start word processing : _cby Ian Phillipson _bstep-by-step guide for beginners / |
||
| 260 |
_aMumbai _bJaico Publishing House _c1995 |
||
| 270 |
_a121, M.G. Road _bMumbai _e400004 |
||
| 300 |
_a124p. _c21cm(Hb) |
||
| 500 | _aIncludes bibliographical reference, glossary and index | ||
| 650 |
_aWord processing _937210 |
||
| 650 |
_aDeveloping Word processing _937211 |
||
| 942 |
_2ddc _cEN _h004 _mPHI |
||
| 999 |
_c133215 _d133215 |
||